Logique - Mort Subite #24 - Statistiques

Statistiques générales
  • Ce quiz a été pris 190 fois
  • Le résultat moyen est 6 sur 26
Answers on the Grid
Answers color-coded by a green-red scale on the quiz's grid according to % correct below.
Perdre Mes Ustensiles
Chez Zidane
Flash Fabien Barthez Arbitre
Transport Aérien Galactique
Intérêts Restreints Marseillais
Trop Belle Robe
Artistes Rolling Stones
Savourons Notre Cuisine Française
Courir Sans But
La Grippe
Partager Un Maigre Avis
Tony Noailly
Pour Un Rien
Didier Deschamps Entraîneur
Quitter Son Appartement
Noire Rouge Jaune
Beuh Marijuana Weed
Mordre Un Os
Innover Activement
Harry Potter
Aller A Hambourg
Produit Extérieur Brut
Bruno Fernandez Manchester
Regarde Autour De Toi
Uniforme
Tellement Simple Avant
Les Vieux Mecs Heureux
Arrête De Grossir
Utiliser Pour Soulager Immédiatement
King Tony Montana
Pôle Sud
Faut Ouvrir
Gagne En Équilibre
Boit Ta Soupe
Équipe De France
Arrêt Sur Image
Abolition Des Lits Superposés
Japon Tokyo
Montre Tes Résultats
Reste A Ta Place
 
Statistiques - réponses
Réponse % Correct
Perdre Mes Ustensiles
51%
Intérêts Restreints Marseillais
36%
Didier Deschamps Entraîneur
33%
Savourons Notre Cuisine Française
31%
Équipe De France
29%
Bruno Fernandez Manchester
28%
Harry Potter
28%
Japon Tokyo
28%
Beuh Marijuana Weed
26%
La Grippe
26%
Noire Rouge Jaune
25%
Reste A Ta Place
24%
Artistes Rolling Stones
23%
Boit Ta Soupe
23%
Flash Fabien Barthez Arbitre
22%
Les Vieux Mecs Heureux
22%
Pôle Sud
22%
Innover Activement
20%
Faut Ouvrir
17%
King Tony Montana
17%
Partager Un Maigre Avis
17%
Tony Noailly
17%
Uniforme
13%
Tellement Simple Avant
11%
Aller A Hambourg
8%
Abolition Des Lits Superposés
5%
Aucun quiz correspondant
Distribution des résultats
% des personnes avec chaque résultat
Percentile par nombre de réponses
Votre historique - résultats
Vous n’avez pas pris ce quiz